| 000 | 00653nam a2200193 a 4500 | ||
|---|---|---|---|
| 001 | 2537 | ||
| 003 | CDMR | ||
| 005 | 20131203115201.0 | ||
| 008 | 130130s1975||||||||||||||||||||||||||||d | ||
| 020 | _a9232011840 | ||
| 040 |
_aCDMR _bcat _cCDMR |
||
| 100 | 1 |
_aMahle, Walter A. _91904 |
|
| 245 | 1 | 4 |
_aLes politiques de la communication dans la République Fédérale d'Allemagne _crédigée par Walter A. Mahle et Rolf Richter |
| 260 |
_aParis _c1975 _bLes Presses de l'Unesco |
||
| 300 | _a90 p. | ||
| 650 | 0 | 4 |
_93365 _aMitjans de comunicació de massa _zAlemanya (República Federal) |
| 650 | 0 | 4 |
_94408 _aEuropa _xPolítica de la comunicació |
| 942 |
_cMON _2udc |
||
| 999 |
_c2537 _d2537 |
||